Five Nights at Freddy's Tales From The Pizzaplex/ (Record no. 203361)

MARC details
000 -LEADER
fixed length control field 00619 a2200205 4500
005 - DATE AND TIME OF LATEST TRANSACTION
control field 20240529130933.0
010 ## - LCCN (DPL NO)
LC control number B-759245
020 ## - INTERNATIONAL STANDARD BOOK NUMBER
International Standard Book Number 9789354714221
Terms of availability 399.00
035 ## - SYSTEM CONTROL NUMBER
System control number B-759245
037 ## - SOURCE OF ACQUISITION
Source of stock number/acquisition Gift
082 ## - DEWEY DECIMAL CLASSIFICATION NUMBER
Classification number S
100 ## - MAIN ENTRY--PERSONAL NAME
Personal name Cawthon, Scott
245 ## - TITLE STATEMENT
Title Five Nights at Freddy's Tales From The Pizzaplex/
Statement of responsibility, etc Scott Cawthon, Kelly Parra and Andrea Waggener
260 ## - PUBLICATION, DISTRIBUTION, ETC. (IMPRINT)
Place of publication, distribution, etc New York
Name of publisher, distributor, etc Scholastic Inc.
Date of publication, distribution, etc 2022
270 ## - ADDRESS
Address New York
City New York
300 ## - PHYSICAL DESCRIPTION
Extent 248 p.
Dimensions 21 cm(Pb)
700 ## - ADDED ENTRY--PERSONAL NAME
Personal name Parra, Kelly and Waggener, Andrea
9 (RLIN) 67043
942 ## - ADDED ENTRY ELEMENTS (KOHA)
Institution code [OBSOLETE] dpl
Item type Children Books
Source of classification or shelving scheme Dewey Decimal Classification
Classification part S
Call number suffix CAW
Holdings
Withdrawn status Lost status Not for loan Collection code Home library Current library Date acquired Source of acquisition Cost, normal purchase price Full call number Barcode Copy number Cost, replacement price Koha item type Public note
      Fiction Ashok Vihar Ashok Vihar 29/05/2024 Gift/28.5.24 399.00 S CAW B-759245 1 399.00 Children Books Gift

© Delhi Public Library
Hit Counter
free hit counter